| 000 | 01296cam a22003495a 4500 | ||
|---|---|---|---|
| 001 | 3751958 | ||
| 005 | 20180128102940.0 | ||
| 008 | 821214s1983 nyua frb 001 0 eng | ||
| 010 | _a 82023800 | ||
| 020 |
_a0471041319 _c9780471041313 |
||
| 040 |
_aDLC _beng _cDLC _dEG-ScBUE |
||
| 050 | 0 | 0 |
_aTP149 _b.R44 1983 |
| 082 | 0 | 4 |
_a620.0042 _bREK _222 |
| 100 | 1 |
_aReklaitis, G. V., _d1942- _99377 |
|
| 245 | 1 | 0 |
_aIntroduction to material and energy balances / _cG.V. Reklaitis ; with contributions by Daniel R. Schneider. |
| 260 |
_aNew York : _bJohn Wiley & Sons, _cc.1983. |
||
| 300 |
_axiv, 683 p. : _bill. ; _c25 cm. |
||
| 500 | _aAppendix : p. 635-672. | ||
| 500 | _aIndex : p. 675-683. | ||
| 504 | _aIncludes bibliographical references. | ||
| 590 | _aMenna Elemam | ||
| 650 | 0 |
_aChemical engineering-- _xMathematics. _99378 _2BUEsh |
|
| 650 | 0 |
_aMathematical optimization. _99379 _2BUEsh |
|
| 650 | 0 |
_aNonlinear programming. _99380 _2BUEsh |
|
| 651 | _2BUEsh | ||
| 653 |
_bENGCHE _cAugust2015 |
||
| 655 |
_vText book _933728 |
||
| 700 | 1 |
_aSchneider, Daniel R. _99381 |
|
| 856 | 4 | 2 |
_3Publisher description _uhttp://www.loc.gov/catdir/description/wiley037/82023800.html |
| 856 | 4 |
_3Table of Contents _uhttp://www.loc.gov/catdir/toc/onix04/82023800.html |
|
| 942 |
_2ddc _k620.0042 REK _cBB |
||
| 999 |
_c12919 _d12919 |
||